000 00612nam a2200205Ii 4500
003 JO-AjNU
008 230606s9999||||xx |||||||||||||| ||und||
020 _a0-471-28711-3
040 _aJO-AjNU
_beng
_erda
_cJO-AjNU
041 _aeng
050 1 4 _aTX911.3.M27.D583 1997
100 3 _aGriffin ,gerald ,
_eauthor
_94236
245 0 0 _aHospitality in dustry an introduction
264 3 1 _aNew york: John wiley,1996
300 _a572p
336 _atext
_btxt
_2rdacontent
337 _aunmediated
_bn
_2rdamedia
338 _avolume
_bnc
_2rdacarrier
650 4 _aHospitality in dustry an introduction
_94237
999 _aE2203
_c2201
_d2201